| 000 | 00751nam a2200241Ia 4500 | ||
|---|---|---|---|
| 003 | OSt | ||
| 005 | 20221005112819.0 | ||
| 006 | a|||||r|||| 00| 0 | ||
| 007 | ta | ||
| 008 | 221004b |||||||| |||| 00| 0 pan d | ||
| 020 | _c110 | ||
| 024 | _a94557 | ||
| 037 |
_b72864, 31/12/2008, Arsee Publishers _cTextual |
||
| 040 |
_aCRL _cCRL _bpan |
||
| 041 |
_2pan _apan |
||
| 082 | _aO153,3N321,SA, P3 | ||
| 100 | _aਅਣਖੀ, ਰਾਮ ਸਰੂਪ | ||
| 245 | 0 | _aਸਰਦਾਰੋ | |
| 260 |
_aਦਿੱਲੀ _bਆਰਸੀ ਭਾਰਤ _c2003 |
||
| 300 |
_a2003 _ccm. |
||
| 942 |
_hO153,3N321,SA, P3 _cTEXL _2cc |
||
| 999 |
_c1026060 _d1026060 |
||